000 00791nam a22002055i 4500
001 174913
003 ES-MaACL
005 20250818063115.0
008 100701q18701925sp a |||| | spa d
040 _aCAM
_bspa
_cCAM
080 _a821.133.1-31"18"
100 1 _aVerne, Jules,
_d1828-1905
_9188654
245 1 3 _aEl secreto de Maston (sans desuss dessous) /
_cobra escrita en francés por Julio Verne.
260 _aMadrid :
_bSáenz de Jubera, Hermanos,
_c[s.a.] (
_fEst, tip. de los Sucesores de Rivadeneyra)
300 _a2 v. (60, 63 p.) :
_bil. ;
_c27 cm.
596 1 _aSáenz de Jubera Hermanos ejerce ca. 1870-1925.
597 1 _aTexto a dos col.
852 _aES-MaACL
_jB-12395(12-13)
_z.- Enc. ed. en tela roja con planchas polícromas
999 _c174913
_d174913